000 00732nam a2200253Ia 4500
003 OSt
005 20220925231709.0
006 a|||||r|||| 00| 0
007 ta
008 220923b |||||||| |||| 00| 0 eng d
037 _cGeneral Book
040 _aRTL
_cRTL
_beng
041 _2eng
_aeng
082 _aQ7, M6
100 _aRippin Andrew Ed.
_9144087
245 0 _aTextual sources for the study of islam
260 _aManchester
_bUniversity Press
_c1986
300 _a209p
_ccm.
490 _aTextual sources for the study of religion
650 _aIslam
_9577
700 _a Knappert Jan Ed.
_9295905
942 _hQ7, M6
_cGB
_2CC
999 _c589175
_d589175